A treasury of favourite tales / (Record no. 110352)
[ view plain ]
| 000 -LEADER | |
|---|---|
| fixed length control field | 00676nam a2200193 a 4500 |
| 001 - CONTROL NUMBER | |
| control field | 1697 |
| 005 - DATE AND TIME OF LATEST TRANSACTION | |
| control field | 20140414131854.0 |
| 008 - FIXED-LENGTH DATA ELEMENTS--GENERAL INFORMATION | |
| fixed length control field | 001113s19uu xx 00 eng d |
| 020 ## - INTERNATIONAL STANDARD BOOK NUMBER | |
| International Standard Book Number | 0-86227-706-X |
| 050 ## - LIBRARY OF CONGRESS CALL NUMBER | |
| Classification number | M 398.2 |
| Item number | T78 1991 |
| 100 ## - MAIN ENTRY--PERSONAL NAME | |
| Personal name | McKie, Anne |
| 245 ## - TITLE STATEMENT | |
| Title | A treasury of favourite tales / |
| Statement of responsibility, etc | illustrated by Ken McKie. |
| 260 ## - PUBLICATION, DISTRIBUTION, ETC. (IMPRINT) | |
| Place of publication, distribution, etc | London : |
| Name of publisher, distributor, etc | Grandreams, |
| Date of publication, distribution, etc | 1991. |
| 300 ## - PHYSICAL DESCRIPTION | |
| Extent | 86 p. : ill. ; cm. |
| 520 ## - SUMMARY, ETC. | |
| Summary, etc | Contents: Sinbad, The three little pigs, The Ugly duckling, Peter Pan, Jack and the beanstalk, The Princess and the pea, Hansel and Gretel, the Pied Piper of Hamelin |
| 650 ## - SUBJECT ADDED ENTRY--TOPICAL TERM | |
| Topical term or geographic name as entry element | Collections of Literature. |
| 650 ## - SUBJECT ADDED ENTRY--TOPICAL TERM | |
| Topical term or geographic name as entry element | Stories. |
| Withdrawn status | Lost status | Damaged status | Use restrictions | Home library | Current library | Shelving location | Date acquired | Source of acquisition | Total Checkouts | Full call number | Barcode | Date last seen | Price effective from | Koha item type |
|---|---|---|---|---|---|---|---|---|---|---|---|---|---|---|
| Munich Library | Munich Library | Main Section | 12/29/2004 | M 398.2 T78 1991 | M0737 | 04/14/2014 | 04/14/2014 | Books |